000 00310nam a22001337a 4500
999 _c12612
_d12612
008 241223b 1987 ||||| |||| 00| 0 eng d
020 _a0113405901
082 _a363.37092
_bHMS
100 _aHMSO
245 _aManual of firemanship
260 _aLondon
_bHMSO
_c1987
300 _axvi, 193p.
942 _cBK